Lothar Groß (1887-1944)

Titel: Lothar Groß (1887-1944) : Zur Geschichte des österreichischen Archivwesens in der ersten Hälfte des 20. Jahrhunderts
Verfasser:
In: Archivalische Zeitschrift, Band 89 (2007), Seite 45-118
alle Artikel anzeigen
Veröffentlicht: 2007
Format: Aufsatz
Sprache: Deutsch
Kein Bild verfügbar
X
alg: 39282881
001A    $01999:11-11-16 
001B    $01999:22-05-21 $t21:49:24.000 
001C    $06050:19-11-16 $t08:46:14.000 
001D    $01999:11-11-16 
001U    $0utf8 
001X    $00 
002@    $0Aox 
003@    $0392828812 
007A    $0392828812 $aHEB 
007T    $0Herdc0047277m 
010@    $ager 
011@    $a2007 
021A    $aLothar Groß (1887-1944) $dZur Geschichte des österreichischen Archivwesens in der ersten Hälfte des 20. Jahrhunderts 
028A    $aHochedlinger $dMichael 
031A    $d89 $h45-118 $j2007 
037A    $aengl. Res. 470-472: Lothar Groß (1887-1944). On the History of the Austria Archives Administration in the 20th Century; franz. Res. 478-479 
039B    $aIn $8--Abvc--. Archivalische Zeitschrift. - Köln : Böhlau, 1876-. - ISSN 0003-9497 $x200700000890000955 $9047256281 
045F    $a929.094371 $eDDC23BSB 
045F/01 $a929 
045F/03 $g4371 
045T    $a8 

lok: 39282881 78

exp: 39282881 78 1 #EPN
201B/01 $021-12-17 $t23:22:09.000 
201U/01 $0utf8 
203@/01 $0788939033 
208@/01 $a11-11-16 $be 
209A/01 $a/ $f000 $x00 
220C/01 $aTitelaufnehmer: pg 
220C/01 $aHerkunft: HI Marburg 
244Z/01 $#Tschechien $#Tschechische Republik $#Tschechische Republik $#Tschechenland $#Tschechei Tschechien $#Česká Republika $#Czech Republic $#ČR $74303381-7 $8--Tg1--Tschechien $x01 $9086659812 
244Z/01 $2Trx $#Böhmen $#Bohemia $#Czechy $8--Trx--Čechy $x02 $9391188941 
244Z/01 $#Wienn $#Viedeň $#Vinna $#Wiedeń Wien $#Vena $#Wienna $#Vin $#Biennē $#Viennē $#Wīn $#Bécs $#Vídeň $#Vjenë $#Dunaj $#Wenia $#Bundesland Wien $#Land Wien $#Stadt Wien $#Bundeshauptstadt Wien $#Bundesunmittelbare Stadt Wien $#Kaiserlich-Königliche Reichshaupt- und Residenzstadt Wien $#K.K. Reichshaupt- und Residenzstadt Wien $#Reichshaupt- und Residenzstadt Wien $#Reichsgau Wien $#Vienna $#Vienne Österreich $#Beč $#Viena $#Bécs $#Vindobona Wien $#Vienna Pannoniae $#Vindobona $#Vienna Austriae $#Vienne $#Gemeinde Wien $#Vienna Fluviorum $74066009-6 $8--Tgz--Wien $x03 $9085185515 
244Z/01 $aGeschichte 1887-1944 $x04 
244Z/01 $2Trx $8--Trx--Groß, Lothar$Z1887-1944 $x05 $9390673919 
244Z/01 $2Trx $#ajaloolased $#istorikai $#historians $#történészek $#historycy $#historici $#historici $8--Trx--Historiker $x06 $9391373544 
244Z/01 $2Trx $#arhivaarid $#archyvarai $#archivists $#levéltárosok $#archiwiści $#archivári $#archiváři $8--Trx--Archivare $x07 $9391373080 
244Z/01 $2Trx $8--Trx--Zeitschriftenaufsatz $x08 $9391384341 
244Z/01 $2Trx $#biograafiad $#biografijos $#biography $#életrajzok $#biografia $#biografie $#biografie $8--Trx--Biographie $x09 $9391352938 
245Z/01 $a12.03 $x01 
247C/01 $82080>Marburg/Lahn, Herder-Institut, Forschungsbibliothek, Bibliographieportal $9336309341
LEADER 00000caa a22000002c 4500
001 392828812
003 DE-603
005 20210522214924.0
007 tu
008 161111s2007 xx |||| | u00||u|ger c
035 |a (DE-599)HEB392828812 
040 |a DE-603  |b ger  |c DE-603  |d DE-603 
041 |a ger 
082 0 4 |8 1\u  |a 929.094371  |q DE-101  |2 23/BSB 
084 |a 8  |2 ssgn 
085 |8 1\u  |b 929 
085 |8 1\u  |z 2  |s 4371 
100 1 |a Hochedlinger, Michael 
245 0 0 |a Lothar Groß (1887-1944)  |b Zur Geschichte des österreichischen Archivwesens in der ersten Hälfte des 20. Jahrhunderts 
264 0 |c 2007 
500 |a engl. Res. 470-472: Lothar Groß (1887-1944). On the History of the Austria Archives Administration in the 20th Century; franz. Res. 478-479 
773 0 8 |i In  |t Archivalische Zeitschrift  |d Köln : Böhlau, 1876-  |x 0003-9497  |g Band 89 (2007), Seite 45-118  |w (DE-603)047256281  |w (DE-600)201051-3 
924 0 |9 2080  |a (DE-603)788939033  |b DE-2080  |c HES  |d d  |g /